[Event "Nizami Ganjavi 880 years U17"]
[Site "Tornelo INT"]
[Date "2021.04.03"]
[Round "6.7"]
[White "Olano Feria, Leonal Isaac"]
[Black "Momunaliev, Ruslan"]
[Result "1-0"]
[WhiteElo "1733"]
[BlackElo "1666"]
[PlyCount "61"]
[EventDate "2021.04.02"]
[EventType "team-swiss (blitz)"]
[EventRounds "9"]
[EventCountry "AZE"]
[SourceTitle "EXT 2023"]
[Source "ChessBase"]
[SourceDate "2022.10.05"]
[SourceVersion "1"]
[SourceVersionDate "2022.10.05"]
[SourceQuality "1"]
[WhiteTeam "Cuba Masters"]
[BlackTeam "Kyrgyzstan"]
[WhiteTeamCountry "CUB"]
[BlackTeamCountry "KGZ"]

1. e4 c5 2. Nf3 d6 3. d4 cxd4 4. Nxd4 Nf6 5. Nc3 e5 6. Ndb5 a6 7. Na3 b5 8. Nd5 Nxe4 9. Bd3 Nc5 10. 0-0 Bb7 11. c4 bxc4 12. Bxc4 Be7 13. f4 e4 14. Qe2 Bf6 15. Rb1 a5 16. Nb5 0-0 17. Be3 Nc6 18. Bxc5 dxc5 19. Rbd1 Nd4 20. Qxe4 Bxd5 21. Bxd5 Nxb5 22. Bxf7+ Rxf7 23. Rxd8+ Rxd8 24. Qc6 Bd4+ 25. Kh1 Nd6 26. h3 Nf5 27. Kh2 Ne3 28. Rf3 Nf5 29. Qb6 Nh4 30. Qxd8+ Rf8 31. Qxh4 1-0

[Event "UKR-KGZ Match"]
[Site "Tornelo INT"]
[Date "2021.02.14"]
[Round "2.7"]
[White "Momunaliev, Ruslan"]
[Black "Niezhentsev, Kyrylo"]
[Result "1-0"]
[WhiteElo "1324"]
[BlackElo "1628"]
[PlyCount "95"]
[EventDate "2021.02.14"]
[EventType "team-match (rapid)"]
[EventRounds "2"]
[EventCountry "UKR"]
[SourceTitle "CBM 200 Extra"]
[Source "ChessBase"]
[SourceDate "2021.03.31"]
[SourceVersion "1"]
[SourceVersionDate "2021.03.31"]
[SourceQuality "1"]
[WhiteTeam "Kyrgyzstan"]
[BlackTeam "Ukraine"]
[WhiteTeamCountry "KGZ"]
[BlackTeamCountry "UKR"]

1. e4 c5 2. Nc3 e6 3. d3 Nc6 4. Nge2 g6 5. g3 Bg7 6. Bg2 Nge7 7. 0-0 0-0 8. f4 d6 9. Be3 b6 10. g4 f5 11. exf5 exf5 12. gxf5 Bxf5 13. Bf2 d5 14. Re1 Bg4 15. Qd2 Qd7 16. d4 c4 17. b3 cxb3 18. axb3 Be6 19. Ng3 Rf7 20. Nce2 Raf8 21. Rad1 g5 22. f5 Bxf5 23. Nxf5 Qxf5 24. Be3 g4 25. Ng3 Qg6 26. c4 Na5 27. cxd5 Qd6 28. Ne4 Qd7 29. d6 Nf5 30. Ng5 Rf6 31. Bf4 Nxd6 32. Be5 Rf2 33. Bd5+ Kh8 34. Bxg7+ Qxg7 35. Qe3 Qf6 36. Ne6 Rf7 37. Qe5 Qxe5 38. dxe5 Nb5 39. Ng5 Rf8 40. e6 R2f5 41. e7 Re8 42. Bf7 Rxf7 43. Nxf7+ Kg7 44. Ng5 Nxb3 45. Rd8 Nc7 46. Ne6+ Nxe6 47. Rxe8 Nc7 48. Rc8 1-0

[Event "UKR-KGZ Match"]
[Site "Tornelo INT"]
[Date "2021.02.14"]
[Round "1.7"]
[White "Niezhentsev, Kyrylo"]
[Black "Momunaliev, Ruslan"]
[Result "1-0"]
[WhiteElo "1628"]
[BlackElo "1324"]
[PlyCount "77"]
[EventDate "2021.02.14"]
[EventType "team-match (rapid)"]
[EventRounds "2"]
[EventCountry "UKR"]
[SourceTitle "CBM 200 Extra"]
[Source "ChessBase"]
[SourceDate "2021.03.31"]
[SourceVersion "1"]
[SourceVersionDate "2021.03.31"]
[SourceQuality "1"]
[WhiteTeam "Ukraine"]
[BlackTeam "Kyrgyzstan"]
[WhiteTeamCountry "UKR"]
[BlackTeamCountry "KGZ"]

1. e4 e6 2. Qe2 c5 3. g3 Nc6 4. Nf3 Nf6 5. Bg2 Be7 6. 0-0 0-0 7. d3 d5 8. e5 Nd7 9. c3 Re8 10. h4 f6 11. d4 fxe5 12. dxe5 Qc7 13. Bf4 Nf8 14. h5 g6 15. g4 gxh5 16. gxh5 Nd7 17. Re1 Rf8 18. Bg3 Rf5 19. Bh3 Rxh5 20. Bxe6+ Kh8 21. Bg4 Rh6 22. e6 Bd6 23. e7 Nf6 24. e8Q+ Nxe8 25. Qxe8+ Kg7 26. Bxd6 Qxd6 27. Bxc8 Rxc8 28. Qxc8 Qg6+ 29. Kf1 Qd3+ 30. Re2 Qxf3 31. Qxb7+ Kf8 32. Qc8+ Kf7 33. Qd7+ Kg6 34. Qxc6+ Kg5 35. Re5+ Kg4 36. Qxh6 Qd1+ 37. Kg2 Qf3+ 38. Kg1 Qd1+ 39. Kh2 1-0